000 01683nam0a2200361 4500
001 RU\NLR\BIBL_A\012191567
005 20210413172424.0
021 _aRU
_bКН-П-19-097902
_9КН-П-19-7195
035 _a(NLR Aleph) 012191567
035 _a(RuMoRGB)010205948
090 _a12297939
_c12297939
100 _a20200129d2019 k y0rusy50 ca
101 0 _arus
_aeng
102 _aRU
105 _ay|||z|||000zy
181 0 _ai
_baxxe
182 0 _an
200 1 _aОрбитальная устойчивость периодического решения системы Гамильтона
_fА. Д. Брюно
203 _aТекст
_bвизуальный
_cнепосредственный
210 _aМосква
_cИПМ им. М. В. Келдыша РАН
_d2019
215 _a15 с.
_d21
225 1 _aПрепринт
_fИнститут прикладной математики имени М. В. Келдыша Российской академии наук
_v№ 120 за 2019 г.
_x2071-2898
225 1 _aПрепринты ИПМ им. М. В. Келдыша
_dKeldysh institute preprints
_fгл. ред.: Б. Н. Четверушкин, акад.
_zeng
300 _aЧасть текста парал. рус., англ.
320 _aБиблиогр.: с. 14
606 1 _aГамильтоновы системы
_xРешение
_xУстойчивость
_2nlr_sh2
_3RU\NLR\AUTH\6601675930
686 1 _aВ161.617.1
700 1 _aБрюно
_bА. Д.
_f1940-
_gАлександр Дмитриевич
_3RU\NLR\AUTH\776574
942 _cBOOK
980 _aNBR
980 _aNB